Language Quiz

Random Language or Letter Quiz

Five Letter Words Ending in OCK Quiz Stats

 Plays Quiz not verified by Sporcle

Challenge
Share
Tweet
Embed
Score 0/12 Timer 01:30
0 Plays Today
-ock Word % Correct
Clock
97%
Block
96.5%
Crock
89.8%
Stock
88.1%
Flock
86.6%
Brock
86.2%
Frock
79.9%
Chock
79.7%
Shock
78.2%
Smock
76.2%
Knock
36.1%
Acock
20.7%

You're not logged in!

Compare scores with friends on all Sporcle quizzes.
Join for Free
OR
Log In

You Might Also Like...

Show Comments

Extras

Top Quizzes Today


Score Distribution

Your Account Isn't Verified!

In order to create a playlist on Sporcle, you need to verify the email address you used during registration. Go to your Sporcle Settings to finish the process.

Report this User

Report this user for behavior that violates our Community Guidelines.

Details: